000 00874nam a2200217 a 4500
001 000026006
005 20240409073640.0
008 110225t1952 dr 001 0dspa d
040 _aDO-SdBNP
_bspa
_cBNPHU
082 _a972.93053
_bJ61t
100 1 _aJiménez, Ramón Emilio,
_d1886-
_952910
245 1 0 _aTrujillo y la paz /
_cR. Emilio Jiménez.
260 _aCiudad Trujillo, República Dominicana :
_bImpresora Dominicana,
_c1952.
300 _a381 p. ;
_c24 cm.
500 _aIncluye datos biográficos del autor en la solapa de la portada.
600 1 0 _aTrujillo Molina, Rafael Leónidas,
_d 1891-1961
_976764
651 4 _aRepública Dominicana
_xPolítica Y Gobierno
_yERA DE TRUJILLO, 1930-1961
_91374
651 4 _aRepública Dominicana
_xCondiciones Económicas
_yERA DE TRUJILLO, 1930-1961
_946029
910 _aValidado. Control de calidad EMS.
049 _aBNPD
999 _c25498
_d25498